000 00766nas a2200253 4500
001 BR2016004088
003 BR-BrBNA
005 20231205130628.0
007 ta
008 230509b bl.|||p| |||| 00| 00por d
040 _aBR-BrBNA
_bpor
_cBiblioteca Nacional de Agricultura
041 _a(Pt)
072 _aF50
100 1 _aEsteves, L.M.
100 1 _aCoelho, C.B.
245 1 _aMorfologia de esporos de pteridófitas do Parque Estadual das fontes do Ipiranga (São Paulo, Brasil)
650 _aESPORO
650 _aMORFOLOGIA VEGETAL
650 _aPTERIDÓFITA
650 _aSÃO PAULO
773 0 _tHoehnea (Brazil)
_xISSN 0073-2877
_g(Jun2007), v. 34(2) p. 245-252
_wBR2016004088
909 _a202311
_bLúcia
_c55
_dLúcia Elande
942 _2AGRIS
_n0
_cANA
999 _c250423
_d250423